Nine years after 9/11 : confronting the terrorist threat to the homeland : hearing before the Committee on Homeland Security and Governmental Affairs, United States Senate, One Hundred Eleventh Congress, second session, September 22, 2010.

Bibliographic Details
Corporate Author: United States. Congress. Senate. Committee on Homeland Security and Governmental Affairs
Format: Government Document eBook
Language:English
Published: Washington : U.S. G.P.O., 2011.
Series:S. hrg. ; 111-1104
Subjects:
Online Access:https://purl.fdlp.gov/GPO/gpo16041

MARC

Tag First Indicator Second Indicator Subfields
LEADER 00000cam a2200000 a 4500
001 in00002745021
005 20211120163842.0
006 m d f
007 cr bn|||||||||
008 111222s2011 dcu o f000 0 eng c
035 |a (OCoLC)ocn769119215 
040 |a GPO  |c GPO  |d WAU  |d GPO  |d MvI  |d UtOrBLW 
042 |a pcc 
043 |a n-us--- 
049 |a WWW 
050 1 4 |a KF26  |b .H63 2010r 
074 |a 1037-D (online) 
086 0 |a Y 4.G 74/9:S.HRG.111-1104 
110 1 |a United States.  |b Congress.  |b Senate.  |b Committee on Homeland Security and Governmental Affairs. 
245 1 0 |a Nine years after 9/11 :  |b confronting the terrorist threat to the homeland : hearing before the Committee on Homeland Security and Governmental Affairs, United States Senate, One Hundred Eleventh Congress, second session, September 22, 2010. 
246 3 |a Nine years after nine eleven 
264 1 |a Washington :  |b U.S. G.P.O.,  |c 2011. 
300 |a 1 online resource (iv, 136 pages). 
336 |a text  |b txt  |2 rdacontent 
337 |a computer  |b c  |2 rdamedia 
338 |a online resource  |b cr  |2 rdacarrier 
490 1 |a S. hrg. ;  |v 111-1104 
500 |a Title from title screen (viewed on Dec. 22, 2011). 
500 |a Electronic resource. 
650 0 |a Terrorism  |x Risk assessment  |z United States. 
650 0 |a Terrorism  |z United States  |x Prevention. 
650 0 |a Terrorism  |x Religious aspects  |x Islam. 
610 2 0 |a Qaida (Organization) 
610 1 0 |a United States.  |b Department of Homeland Security  |x Evaluation. 
650 0 |a National security  |z United States. 
776 0 8 |i Print version:  |a United States. Congress. Senate. Committee on Homeland Security and Governmental Affairs.  |t Nine years after 9/11 : confronting the terrorist threat to the homeland  |w (OCoLC)769119200 
776 0 8 |i Microfiche:  |a United States. Congress. Senate. Committee on Homeland Security and Governmental Affairs.  |t Nine years after 9/11 : confronting the terrorist threat to the homeland  |w (OCoLC)779531924 
810 1 |a United States.  |b Congress.  |b Senate.  |t S. hrg. ;  |v 111-1104. 
856 4 0 |u https://purl.fdlp.gov/GPO/gpo16041  |t 0 
999 |a MARS 
999 f f |s 8f8c6aa7-6237-30a4-b219-6fbde1fde99d  |i 23345998-fea4-3a2f-b65a-fc600cadd3d1  |t 0 
952 f f |a Texas A&M University  |b College Station  |c Electronic Resources  |d Available Online  |t 0  |e Y 4.G 74/9:S.HRG.111-1104  |h Superintendent of Documents classification 
998 f f |a Y 4.G 74/9:S.HRG.111-1104  |t 0  |l Available Online